| 000 | 00000nam 2200000za 4500 |
| 001 | 9.639537 |
| 003 | CaOODSP |
| 005 | 20210624222223 |
| 007 | cr ||||||||||| |
| 008 | 150407s1999 xxc|||||o f|0| 0 fre d |
| 040 | |aCaOODSP|bfre |
| 043 | |an-cn--- |
| 086 | 1 |aH46-2/99-235F-PDF |
| 110 | 1 |aCanada. |bSanté Canada. |
| 245 | 10|aGuide canadien d'évaluation des incidences sur la santé. Volume 1, Notions fondamentales |h[ressource électronique]. |
| 246 | 1 |iTitre de renvoi : |aGuide canadien d'évaluation des incidences sur la santé : notions fondamentales |
| 260 | |bSanté Canada, |c1999. |
| 300 | |a60, 59 p. : |bfigures, glossaire, graphiques, références, tableaux. |
| 500 | |a«Rapport du Comité fédéral provincial-territorial de l'hygiène du milieu et du travail»--p.3 de 60. Le n° de catalogue (H46-2/99-235F) et l'ISBN (0-662-83931-5) de l'édition imprimée ont été incorrectement copiés dans l'édition électronique. |
| 504 | |aBibliographie. |
| 520 | 3 |aLe présent Guide décrit pourquoi il y a lieu d'intégrer l'évaluation des incidences sur la santé humaine à l'évaluation environnementale (ÉE) et la marche à suivre pour cette intégration. Il fera mention des processus d'évaluation environnementale prévus par les lois fédérales et provinciales; toutefois, il n'a pas pour objet de régler des problèmes précis liés aux divers régimes législatifs. Il s'agit plutôt d'un ouvrage général, conçu pour fournir une orientation, sans égard au processus d'ÉE utilisé.--Page 11 |
| 590 | |a12-15-Supp|b2012-04-13 |
| 691 | 07|aÉvaluation environnementale|2gcpds |
| 691 | 07|aIndicateurs de l'état de santé|2gcpds |
| 691 | 07|aSanté|2gcpds |
| 775 | 08|tCanadian handbook on health impact assessment. Volume 1, The basics |w(CaOODSP)9.695399 |
| 776 | 0#|tGuide canadien d'évaluation des incidences sur la santé : |w(CaOODSP)9.680841 |
| 794 | |tGuide canadien d'évaluation des incidences sur la santé. Volume 1, Notions fondamentales |w(CaOODSP)9.633749 |
| 856 | 40|ahttp://publications.gc.ca|qPDF|s332 Ko|uhttps://publications.gc.ca/collections/Collection/H46-2-99-235F-2.pdf |
| 856 | 40|ahttp://publications.gc.ca|qPDF|s353 Ko|uhttps://publications.gc.ca/collections/Collection/H46-2-99-235F-1.pdf |
| 986 | |a99-DHM-235 |